00950nam a2200241Ia 4500001000600000003000900006008004100015040001300056040001300069041001200082100002000094100002900114245006500143245008600208250001100294260001100305260002700316260004900343300005700392500021300449650001500662650003100677B4458IT-RoPAU130308s9999 xx 000 0 und d aIT-RoPAU cIT-RoPAU aINGLESE aKellner Douglas gCodice Aut. SPICS: 36047 aTelevision, the crisis of Democracy and the Persian Gulf War bMedia, crisis And Democracy-Mass Communication And The Disruption Of Social Order a1a ed. aLONDON bSage Publications B.H. c1992 [1° Ed.:1992 - Ed.Ling.Originale:1992] a"19 p. (prefazione: no ; testo: 19 [pagine: 44-62])" aTelevisione, Crisi della Democrazia e Guerra del Golfo Persico. Televisione Usa Incorporata nella Struttura del Potere. Televisione e Democrazia. Media Battono I Tamburi di Guerra. Media propaganda di Guerra. aSOCIOLOGIA eCodice materia Spics: 3651